KOHA-Header-6

Basics of Software Project Management (Record no. 9409)

000 -LEADER
fixed length control field 00246nam a2200109Ia 4500
020 ## - INTERNATIONAL STANDARD BOOK NUMBER
ISBN 978-8120324909
100 ## - MAIN ENTRY--AUTHOR NAME
Personal name NIIT
245 #0 - TITLE STATEMENT
Title Basics of Software Project Management
260 ## - PUBLICATION, DISTRIBUTION, ETC. (IMPRINT)
Place of publication New Jersey
Name of publisher Prentice Hall
Year of publication 1994
300 ## - PHYSICAL DESCRIPTION
Number of Pages 150
942 ## - ADDED ENTRY ELEMENTS (KOHA)
Koha item type Books
Holdings
Withdrawn status Lost status Collection code Permanent Location Current Location Shelving location Date acquired Full call number Accession Number Koha item type
    Computer Science MAJU MAJU Shelf No.A19 2019-09-14 658.8 5130 Computer Science

Powered by Koha